000 00802nam a22002417a 4500
005 20170124110221.0
010 _aB-130177
020 _c595.00
_a8174872906
035 _aB-130177
037 _bCen Lib/Ret
040 _aDPL
_bEN
082 _a342.5403
_bKAP
100 _aKapoor, A.N.
_93336
245 _aAn encyclopaedic dictionary of Indian constitution /
_cby A.N. Kapoor, V.P. Gupta [and] Mohini Gupta
260 _aNew Delhi
_bRadha publications
_c2006
270 _bNew Delhi
_a4378/4B, Ansari road, Daryaganj
_e110002
300 _aviii,424p.
_c21cm(Hb)
500 _aIncludes bibliographical references
650 _aConstitution
_vDictionary
_zIndia
_939830
700 _aGupta, A.N.
_939572
700 _aGupta, Mohini
_9927
942 _2ddc
_cEN
_h342.5403
_mKAP
999 _c134113
_d134113